Second Biggest African Cities Quiz - Statistics

General Stats
  • This quiz has been taken 427 times
  • The average score is 12 of 18
Answer Stats
Country City % Correct
Egypt Alexandria
99%
South Africa Cape Town
99%
Morocco Rabat
99%
Nigeria Kano
93%
Kenya Mombasa
90%
Cameroon Douala
78%
Algeria Oran
77%
Libya Benghazi
74%
D.R. Congo Lubumbashi
74%
Burundi Gitega
65%
Ghana Kumasi
63%
Tunisia Sousse
49%
Rep. of the Congo Pointe-Noire
43%
Malawi Blantyre
40%
Zimbabwe Bulawayo
36%
Senegal Touba
34%
Angola Benguela
33%
Tanzania Mwanza
33%
No matching quizzes found
Score Distribution
Percent of People with Each Score
Percentile by Number Answered
Your Score History
You have not taken this quiz